MARC

Tag First Indicator Second Indicator Subfields
LEADER 00000cam a2200000Ia 4500
001 in00004502921
005 20191203131626.0
008 060531s2007 gw ab b 001 0 eng
010 |a  2006928274 
015 |a GBA615044  |2 bnb 
016 7 |a 013381262  |2 Uk 
020 |a 3540239081 (hbk.) 
020 |a 9783540239086 (hbk.) 
035 |a (OCoLC)ocm77272784 
035 |z (UtOrBLW)41628 
035 |a 59485 
040 |a UKM  |c UKM  |d DLC  |d UAB  |d TMV  |d UtOrBLW 
042 |a lccopycat 
049 |a TMVM  |c 1 
050 0 0 |a QC993.5  |b .T74 2007 
060 4 |a QC 993.5  |b B978t 2007 
082 0 4 |a 577.34276  |2 22 
100 1 |a Bush, Mark B. 
245 1 0 |a Tropical rainforest responses to climatic change /  |c Mark B. Bush and John R. Flenley. 
264 1 |a Chichester, UK :  |b Springer/Published in association with Praxis,  |c [2007] 
264 4 |c ©2007 
300 |a xxxii, 396 pages :  |b illustrations, maps ;  |c 25 cm. 
336 |a text  |2 rdacontent  |b txt 
337 |a unmediated  |2 rdamedia 
338 |a volume  |2 rdacarrier  |b nc 
490 1 |a Springer-Praxis books in environmental sciences 
504 |a Includes bibliographical references and index. 
650 0 |a Climatic changes  |z Tropics. 
650 0 |a Rain forest ecology. 
650 0 |a Rain forest animals  |x Climatic factors. 
650 0 |a Rain forest plants  |x Climatic factors. 
650 2 |a Climate. 
650 2 |a Conservation of Natural Resources. 
650 2 |a Tropical Climate. 
650 2 |a Ecology. 
700 1 |a Flenley, John. 
830 0 |a Springer-Praxis books in environmental sciences. 
999 |a MARS 
999 f f |s c86e36d1-b028-3fbf-9d17-b4dfadf5d738  |i 974f5c34-9ee6-3afb-98dd-a7011d713c5f  |t 0 
952 f f |p ric  |a Texas A&M University  |b Rellis Campus  |c Joint Library Facility  |d Remote Storage  |t 0  |e QC 993.5 B978t 2007  |h National Library of Medicine classification  |i unmediated -- volume  |m 323890192889J 
998 f f |a QC 993.5 B978t 2007  |t 0  |l Remote Storage